Bilecik Bilecik Bilecik Bilecik Bilecik

Oluşturmacılık : (Record no. 42)

MARC details
000 -BAŞLIK
Sabit Uzunluktaki Kontrol Alanı 00944nam a22003137a 4500
001 - KONTROL NUMARASI
Control Dosyası 0000041
003 - KONTROL NUMARASI KİMLİĞİ
Kontrol Alanı KOHA_MİRAKIL
005 - EN SON İŞLEM TARİHİ ve ZAMANI
Kontrol Alanı 20260207001157.0
007 - FİZİKSEL TANIM SABİT ALAN - GENEL BİLGİ
Sabit uzunluklu kontrol alanı ta
008 - SABİT UZUNLUKTAKİ VERİ ÖGELERİ - GENEL BİLGİ
Sabit Alan 081212b2007 tu |||gr||||#||||0|tur |
020 ## - ISBN - ULUSLARARASI STANDART KİTAP NUMARASI
Isbn 9789755918174
Kullanılabilirlik koşulları 21,69
040 ## - KATALOGLAMA KAYNAĞI
Özgün Kataloglama Kurumu TR-BiSEU
Kataloglama Dili tur
Çeviri Kurumu TR-BiSEU
Açıklama Kuralları rda
041 0# - DİL KODU
Metin ya da ses kaydının dil kodu tur
044 ## - YAYINLAYAN/ÜRETEN KURULUŞUN ÜLKE KODU
ISO country code tu
050 ## - SINIFLAMA ve YER NUMARASI
Sınıflama Numarası LB1590.3
Yer Numarası .F67 2007
100 1# - KİŞİ ADI
Yazar Adı (Kişi adı) Fosnot, Catherine Twomey.
245 1# - ESER ADI BİLDİRİMİ
Başlık Oluşturmacılık :
Alt Eseradı vb. teori, perspektifler ve uygulama/
Sorumluluk Bildirimi Catherine Twomey Fosnot ; Twomey Vatherine Fosnot.
264 #1 - ÜRERİM, YAYIN, DAĞITIM ve TELİF BİLDİRİMİ
Yayın yeri Ankara :
Yayınlayan Nobel Yayıncılık
Yayın tarihi 2007
300 ## - FİZİKSEL TANIMLAMA
Sayfa, Cilt vb. 338 sayfa
336 ## - İÇERİK TÜRÜ
Content type term metin
Content type code txt
Source rdacontent
337 ## - MEDYA TÜRÜ
Media type term aracısız
Media type code n
Source rdamedia
338 ## - TAŞIYICI TÜRÜ
Carrier type term cilt
Carrier type code nc
Source rdacarrier
490 1# - DİZİ BİLDİRİMİ
Dizi Bildirimi Nobel Yayın No ;
Cilt Numarası 832.
490 1# - DİZİ BİLDİRİMİ
Dizi Bildirimi Eğitim Bilimleri ;
Cilt Numarası 230
650 #0 - KONU BAŞLIĞI EK GİRİŞ - KONU TERİMİ
Konusal terim veya coğrafi ad Eğitim.
9 (RLIN) 1594
830 1# - SERİ EK GİRİŞİ - TEKBİÇİM ESER ADI
Tekbiçim Başlık Nobel Yayın No ;
Volume number/sequential designation 832.
9 (RLIN) 1595
830 1# - SERİ EK GİRİŞİ - TEKBİÇİM ESER ADI
Tekbiçim Başlık Eğitim Bilimleri ;
Volume number/sequential designation 230
9 (RLIN) 1596
942 ## - EK GİRİŞ ÖGELERİ (KOHA)
Source of classification or shelving scheme Library of Congress Classification
Koha item type Book
Holdings
Materyal Türü Kalıcı Konum Mevcut Konum Raf Yeri Sınıflandırma Kaynağı Edinim Bilgisi Ana Konular Alt Konular Yer Numarası Demirbaş Numarası Fatura Tarihi Maliyet, Alış Fiyatı Maliyet, Yenileme Fiyatı Geri Çekilme Durumu Kayıp Durumu Hasarlı Durumu Kredi için değil Kayıt Tarih Toplam Ödünçverme Son Görülme Tarihi Son Kontrol Tarihi
Book Prof. Dr. Azmi Özcan Kütüphanesi Prof. Dr. Azmi Özcan Kütüphanesi Uluğbey Salonu Library of Congress Classification Satın EĞİTİM Eğitim Teorisi ve Uygulaması LB1590.3 .F67 2007 0000041 12/12/2008 23.43 23.43         12/12/2008   09/12/2024 09/12/2024